| 000 -LEADER |
| fixed length control field |
00666nam a22001457a 4500 |
| 003 - CONTROL NUMBER IDENTIFIER |
| control field |
OSt |
| 005 - DATE AND TIME OF LATEST TRANSACTION |
| control field |
20150918164415.0 |
| 008 - FIXED-LENGTH DATA ELEMENTS--GENERAL INFORMATION |
| fixed length control field |
150918b xxu||||| |||| 00| 0 eng d |
| 040 ## - CATALOGING SOURCE |
| Transcribing agency |
RUA |
| 082 ## - DEWEY DECIMAL CLASSIFICATION NUMBER |
| Classification number |
AGR NGU 2005 B032 Or.1 |
| 100 ## - MAIN ENTRY--PERSONAL NAME |
| 9 (RLIN) |
796 |
| Personal name |
NGUON HAING |
| 245 ## - TITLE STATEMENT |
| Title |
Integrated farming system of lutheran world federation in phnom sruoch district,kompong speu province,(ប្រព័ន្ធកសិកម្មចំរុះរបស់អង្គការលូថេរ៉ានបំរើពិភពលោក នៅស្រុកភ្នំស្រួច ខេត្តកំពង់ស្ពឺ) |
| 300 ## - PHYSICAL DESCRIPTION |
| Extent |
xi,46p. |
| Dimensions |
ill. |
| Size of unit |
29cm. |
| 942 ## - ADDED ENTRY ELEMENTS (KOHA) |
| Source of classification or shelving scheme |
|
| Koha item type |
AGR |